Company law (Record no. 29492)

MARC details
000 -LEADER
fixed length control field 00330nam a2200133Ia 4500
082 ## - DEWEY DECIMAL CLASSIFICATION NUMBER
Classification number 347.7
Item number MAH
100 ## - MAIN ENTRY--AUTHOR NAME
Personal name MAHESHWARI, R P
245 #0 - TITLE STATEMENT
Title Company law
260 ## - PUBLICATION, DISTRIBUTION, ETC. (IMPRINT)
Place of publication Delhi
Name of publisher National Publishing house
Year of publication 1978
650 ## - SUBJECT ADDED ENTRY--TOPICAL TERM
Topical Term Company law
700 ## - ADDED ENTRY--PERSONAL NAME
Personal name MAHESHWARI, S N
942 ## - ADDED ENTRY ELEMENTS (KOHA)
Koha item type Books
Holdings
Withdrawn status Lost status Damaged status Not for loan Home library Current library Date acquired Full call number Accession Number Koha item type
        RRII Library RRII Library 16/12/2021 347.7 MAH 10079 Books